000 00461nam a2200181Ia 4500
001 3614
005 20260306145656.0
008 260306t2008||||xx |||||||||||||| ||spa||
041 _aESP
082 _a300.1
_bB83 2008
100 _aBriones, Guillermo
_eAUT
245 0 _aTeorías de las ciencias sociales y de la educación texto impreso
260 _c2008
300 _a198 páginas :
_ccm.
650 _aGEN
654 _aCHU
942 _cLIB
_dJUS
_fJUS
_2ddc
_n
999 _c3614
_d3614